| 000 | 00571nam a2200169 a 4500 | ||
|---|---|---|---|
| 005 | 20221118063623.0 | ||
| 008 | 021002s1956 mx r 000 0 spa d | ||
| 035 | _aUPN01000119841 | ||
| 049 | _aLT | ||
| 050 | 4 |
_aLB1573 M6.5 _bC3.3 1956 |
|
| 100 | 1 | _aCarreón Gutiérrez, María Luisa | |
| 245 | 1 | 0 |
_aAmérica o el pequeño descubridor : _blibro de lectura para uso del 1er. grado del 3er. ciclo / _cMaría Luisa Carreón Gutiérrez. |
| 260 |
_aMéxico : _bJus, _c1956. |
||
| 300 | _a150 p. | ||
| 650 | 4 |
_aLectura _xEstudio y enseñanza (Elemental) _92805 |
|
| 905 | _aLibro | ||
| 999 |
_c92191 _d92191 |
||